| 000 | 00877cam a22002654a 4500 | ||
|---|---|---|---|
| 001 | 12876895 | ||
| 003 | OSt | ||
| 005 | 20230606141920.0 | ||
| 008 | 020731n2002 sz a b 000 0 eng | ||
| 010 | _a 2002436095 | ||
| 020 | _a9241545542 | ||
| 040 |
_aDLC _cDLC _dDLC |
||
| 042 | _apcc | ||
| 082 |
_a576.5 _bWHO |
||
| 110 | 2 |
_aWorld Health Organization. _bAdvisory Committee on Health Research. |
|
| 245 | 1 | 0 |
_aGenomics and world health : _breport of the Advisory Committee on Health Research. |
| 260 |
_aGeneva : _bWorld Health Organization, _c2002. |
||
| 300 |
_a241 p. : _bill. (some col.) ; _c23 cm. |
||
| 504 | _aIncludes bibliographical references (p. [229]-241). | ||
| 650 | 0 | _aGenomics. | |
| 650 | 0 | _aWorld health. | |
| 906 |
_a7 _bcbc _corignew _d3 _encip _f20 _gy-gencatlg |
||
| 942 |
_2ddc _cBK |
||
| 999 |
_c681 _d681 |
||